Národohospodářské podmínky rozvoje čs. elektroniky výskumná správa

Gespeichert in:
Bibliographische Detailangaben
1. Verfasser: Souček, Miroslav
Format: Buch
Sprache:Tschechisch
Veröffentlicht: Praha Ústřední ústav národohospodářského výzkumu 1986
Tags: Tag hinzufügen
Keine Tags, Fügen Sie das erste Tag hinzu!

MARC

LEADER 00000nam a2200000 4500
001 c103331
005 20181203150244.8
041 0 |a cze 
044 |a CZ 
245 1 0 |a Národohospodářské podmínky rozvoje čs. elektroniky  |b výskumná správa  |c M. Souček a kol. 
264 1 |a Praha  |b Ústřední ústav národohospodářského výzkumu  |c 1986 
300 |a Nestr. 
100 1 |a Souček, Miroslav